Principles and Practice of Nursing (Record no. 155048)

MARC details
000 -LEADER
fixed length control field 00378nam a2200145Ia 4500
008 - FIXED-LENGTH DATA ELEMENTS--GENERAL INFORMATION
fixed length control field 230411s9999 xx 000 0 und d
020 ## - INTERNATIONAL STANDARD BOOK NUMBER
International Standard Book Number 81 87504 15 3
041 ## - LANGUAGE CODE
Language code of text/sound track or separate title eng
082 ## - DEWEY DECIMAL CLASSIFICATION NUMBER
Classification number F/610.73/DAT/B04376
100 ## - MAIN ENTRY--PERSONAL NAME
Personal name Datta S
9 (RLIN) 178244
245 ## - TITLE STATEMENT
Title Principles and Practice of Nursing
260 ## - PUBLICATION, DISTRIBUTION, ETC. (IMPRINT)
Name of publisher, distributor, etc. Academic Publishers
Place of publication, distribution, etc. Kolkata
Date of publication, distribution, etc. 2001
300 ## - PHYSICAL DESCRIPTION
Extent 404p
Holdings
Withdrawn status Lost status Damaged status Not for loan Collection code Home library Current library Date acquired Vendor Cost, normal purchase price Total Checkouts Full call number Barcode Date last seen Cost, replacement price Bill Date Koha item type Original Barcode
          Smt. Bakul Tambat Institute of Nursing Education Smt. Bakul Tambat Institute of Nursing Education 27/11/2007 M.K.S.S.S I.N.E.Ratnagiri. 220.00   F 610.73 DAT B04376 BTIN-BK-4376 11/04/2023 220.00 27/11/2007 Books B04376